Love Story by Taylor Swift Whole Lyrics - Statistics

General Stats
  • This quiz has been taken 6,387 times
  • The average score is 310 of 376
Answer Stats
Answer % Correct
a
99%
I
99%
you
99%
we
97%
and
96%
the
96%
be
95%
me
95%
love
94%
Romeo
94%
say
94%
when
94%
Juliet
93%
my
93%
were
93%
we're
93%
alone
92%
so
92%
story
92%
to
92%
first
91%
go
91%
just
91%
saw
91%
young
91%
baby
90%
dad
90%
do
90%
it
90%
said
90%
yes
90%
it's
88%
on
88%
your
88%
both
87%
can
87%
in
87%
take
87%
he
86%
I'll
86%
somewhere
86%
that
86%
all
85%
away
85%
don't
85%
eyes
85%
from
85%
know
85%
stay
85%
waiting
85%
close
84%
daddy
84%
is
84%
there
84%
was
84%
prince
83%
you'll
83%
please
82%
princess
82%
out
81%
see
79%
standin'
79%
begging
78%
summer
78%
air
77%
flashback
77%
balcony
75%
for
75%
but
73%
little
73%
have
72%
I'm
72%
never
72%
real
72%
run
72%
this
72%
crying
71%
did
71%
starts
71%
that's
71%
hello
70%
marry
70%
party
68%
ball
67%
ever
67%
make
67%
throwing
67%
if
66%
staircase
66%
cause
65%
dress
65%
lights
65%
of
65%
pebbles
65%
save
65%
feel
64%
ring
64%
white
64%
they
63%
way
63%
crowd
62%
garden
62%
oh
61%
scarlet
61%
really
60%
town
60%
what
60%
keep
59%
pick
59%
sneak
59%
talked
59%
through
59%
been
58%
come
58%
gowns
58%
ground
58%
I've
58%
left
58%
letter
58%
while
58%
head
57%
knew
56%
pulled
56%
everything
55%
got
55%
think
55%
dead
54%
tired
54%
around
52%
coming
52%
feeling
52%
quiet
52%
how
50%
met
50%
we'll
50%
wondering
50%
faith
49%
tell
49%
difficult
48%
knelt
47%
fading
46%
afraid
45%
outskirts
44%
mess
43%
there's
43%
escape
42%
trying
42%
they're
39%
No matching quizzes found
Score Distribution
Percent of People with Each Score
Percentile by Number Answered
Your Score History
You have not taken this quiz